000 00591nam a22001937a 4500
005 20251108165823.0
008 250721s1982 xx 000 0 ara d
082 1 4 _aط/214.2/طيب
100 1 _aالتركي، الطيب
245 1 0 _aيوسف الصديق /
264 1 _aتونس :
_bالشركة التونسية للتوزيع،
_c1982.
300 _a31ص.
490 0 _aمطالعات الاطفال : سيرة واحداث ،1
650 1 7 _aالإسلام
650 1 7 _aأصول الدين الإسلامي
650 1 7 _aالنبوات
942 _2ddc
_cBK
999 _c32128
_d32128